Abstract algebra : applications to galois theory, algebraic geometry and cryptography (Record no. 6159)
[ view plain ]
| 000 -LEADER | |
|---|---|
| fixed length control field | 00658 a2200193 4500 |
| 001 - CONTROL NUMBER | |
| control field | 131760 |
| 003 - CONTROL NUMBER IDENTIFIER | |
| control field | OSt |
| 005 - DATE AND TIME OF LATEST TRANSACTION | |
| control field | 20210917101244.0 |
| 008 - FIXED-LENGTH DATA ELEMENTS--GENERAL INFORMATION | |
| fixed length control field | |
| 082 ## - DEWEY DECIMAL CLASSIFICATION NUMBER | |
| Classification number | 515.02 |
| Item number | C23A |
| 100 1# - MAIN ENTRY--PERSONAL NAME | |
| Personal name | Carstensen, Celine |
| 245 1# - TITLE STATEMENT | |
| Title | Abstract algebra : applications to galois theory, algebraic geometry and cryptography |
| Statement of responsibility, etc | by Celine Carstensen, Benjamin Fine and Gerhard Rosenberger |
| 260 ## - PUBLICATION, DISTRIBUTION, ETC. (IMPRINT) | |
| Place of publication, distribution, etc | Berlin |
| Name of publisher, distributor, etc | Walter de gruyter |
| Date of publication, distribution, etc | 2011 |
| 300 ## - PHYSICAL DESCRIPTION | |
| Extent | 366p. |
| 690 ## - LOCAL SUBJECT ADDED ENTRY--TOPICAL TERM (OCLC, RLIN) | |
| Topical term or geographic name as entry element | Mathematics; Cryptography; Algebra, Abstract; Galois theory; Geometry, Algebraic |
| 700 ## - ADDED ENTRY--PERSONAL NAME | |
| Personal name | Fine, Benjamin |
| 700 ## - ADDED ENTRY--PERSONAL NAME | |
| Personal name | Rbergerosen, Gerhard |
| 942 ## - ADDED ENTRY ELEMENTS (KOHA) | |
| Source of classification or shelving scheme | Dewey Decimal Classification |
| Koha item type | Books |
| Withdrawn status | Lost status | Source of classification or shelving scheme | Damaged status | Not for loan | Collection code | Home library | Current library | Date acquired | Source of acquisition | Cost, normal purchase price | Full call number | Barcode | Date last seen | Price effective from | Koha item type |
|---|---|---|---|---|---|---|---|---|---|---|---|---|---|---|---|
| Dewey Decimal Classification | General Text Book | Central University Of Rajasthan | Central University Of Rajasthan | 08/06/2012 | MTH | 49.95 | 515.02 C23A | 7840 | 21/11/2024 | 02/09/2020 | Books |
